Statistics for 华东各省会下辖县级行政区 County-level divisions of provincial capitals

Click here to take the quiz!

General Stats

  • This quiz has been taken 28 times
  • The average score is 43 of 67

Answer Stats

省会县区% Correct
济南市历城区
91%
济南市历下区
91%
南昌市西湖区
91%
南京市秦淮区
91%
杭州市西湖区
91%
济南市钢城区
87%
南京市江宁区
87%
南京市雨花台区
87%
南京市玄武区
87%
南京市浦口区
87%
南京市溧水区
87%
南京市鼓楼区
87%
杭州市余杭区
87%
济南市莱芜区
87%
福州市鼓楼区
87%
南京市高淳区
83%
合肥市肥西县
83%
南京市建邺区
83%
杭州市临安区
83%
南京市六合区
83%
合肥市肥东县
83%
杭州市上城区
78%
杭州市萧山区
78%
杭州市拱墅区
78%
杭州市建德市
74%
合肥市蜀山区
74%
杭州市淳安县
74%
南京市栖霞区
74%
合肥市巢湖市
74%
济南市章丘区
74%
杭州市滨江区
70%
福州市长乐区
70%
福州市福清市
70%
济南市槐荫区
65%
杭州市富阳区
65%
济南市长清区
65%
杭州市临平区
65%
杭州市钱塘区
65%
杭州市桐庐县
65%
南昌市东湖区
61%
合肥市包河区
57%
济南市天桥区
57%
济南市市中区
57%
南昌市南昌县
57%
福州市闽侯县
52%
合肥市庐江县
52%
南昌市红谷滩区
52%
福州市平潭县
48%
南昌市青山湖区
48%
南昌市青云谱区
48%
合肥市瑶海区
48%
南昌市新建区
48%
福州市仓山区
48%
福州市马尾区
48%
济南市商河县
43%
福州市连江县
39%
济南市济阳区
39%
合肥市庐阳区
39%
合肥市长丰县
35%
济南市平阴县
35%
福州市闽清县
30%
南昌市进贤县
30%
福州市台江区
30%
福州市晋安区
26%
福州市永泰县
22%
福州市罗源县
17%
南昌市安义县
17%

Score Distribution

Percentile by Number Answered

Percent of People with Each Score

Your Score History

You have not taken this quiz